Aeroplane Structure; The Design And purpose of aeroplane parts. (Record no. 292643)

000 -LEADER
fixed length control field 00287 a2200109 4500
001 - CONTROL NUMBER
control field 57570
082 ## - DEWEY DECIMAL CLASSIFICATION NUMBER
Classification number 629.1341 KER
090 ## - LOCALLY ASSIGNED LC-TYPE CALL NUMBER (OCLC); LOCAL CALL NUMBER (RLIN)
-- 35304
-- 35304
100 ## - MAIN ENTRY--PERSONAL NAME
Personal name Kermode A. C
245 ## - TITLE STATEMENT
Title Aeroplane Structure; The Design And purpose of aeroplane parts.
260 ## - PUBLICATION, DISTRIBUTION, ETC.
Place of publication, distribution, etc. London
Name of publisher, distributor, etc. Pitman
Date of publication, distribution, etc. 1945
942 ## - ADDED ENTRY ELEMENTS (KOHA)
Institution code [OBSOLETE] NUST-CAE
Call number prefix 629.1341 KER
Holdings
Withdrawn status Lost status Damaged status Not for loan Collection code Permanent Location Current Location Date acquired Total Checkouts Full call number Barcode Date last seen Price effective from Koha item type
          College of Aeronautical Engineering (CAE) College of Aeronautical Engineering (CAE) 04/03/2017   629.1341 KER CAE74096 04/05/2017 04/05/2017 Book
© 2023 Central Library, National University of Sciences and Technology. All Rights Reserved.